Puzzle de mots – cinéma #1 - Statistiques

Statistiques générales
  • Ce quiz a été pris 2 159 fois
  • Le résultat moyen est 7 sur 21
Statistiques - réponses
Hint Réponse % Correct
Le cinéma est le septième ___ Art
96%
"Luke, je suis ton ___" Père
93%
Maman, j'ai ____ l'avion Raté
92%
Whoopi Goldberg : Sister ___ Act
73%
Fin des 400 Coups : _____ sur image Arrêt
66%
Film avec Chabat : _____-moi ta main Prête
61%
Personnage d'Adam Driver : Kylo ___ Ren
55%
Ami d'Elliott chez Disney Peter
30%
Speed 2 : ___ sur le Danger Cap
20%
Chanteur et Acteur : Pierre ______ Perret
18%
Métier de Léon Morin chez Melville Prêtre
18%
Loach : La ____ des Anges Part
16%
Actrice : Isabelle _____ Carré
15%
Échec financier de Disney : John Carter
15%
Île de Zorba Crète
13%
Réalisateur d'Hôtel du Nord Carné
12%
Elle s'arrêta en 1951 et 2008 Terre
10%
Nom de 9 lettres CARPENTER
7%
Film d'Alain Cavalier Pater
3%
Film de Danny Boyle Trance
3%
Acteur scientologue : Michael ____ Peña
1%
Aucun quiz correspondant
Distribution des résultats
% des personnes avec chaque résultat
Percentile par nombre de réponses
Votre historique - résultats
Vous n’avez pas pris ce quiz